<?xml version="1.0" encoding="UTF-8"?><?xml-stylesheet type="text/xsl" href="static/style.xsl"?><OAI-PMH xmlns="http://www.openarchives.org/OAI/2.0/" xmlns:xsi="http://www.w3.org/2001/XMLSchema-instance" xsi:schemaLocation="http://www.openarchives.org/OAI/2.0/ http://www.openarchives.org/OAI/2.0/OAI-PMH.xsd"><responseDate>2026-06-04T01:43:07Z</responseDate><request verb="GetRecord" identifier="oai:riuma.uma.es:10630/23676" metadataPrefix="marc">https://riuma.uma.es/rest/oai/request</request><GetRecord><record><header><identifier>oai:riuma.uma.es:10630/23676</identifier><datestamp>2026-02-03T12:55:48Z</datestamp><setSpec>com_10630_22985</setSpec><setSpec>com_10630_3139</setSpec><setSpec>com_10630_10</setSpec><setSpec>col_10630_23624</setSpec></header><metadata><record xmlns="http://www.loc.gov/MARC21/slim" xmlns:dcterms="http://purl.org/dc/terms/" xmlns:doc="http://www.lyncode.com/xoai" xmlns:xsi="http://www.w3.org/2001/XMLSchema-instance" xsi:schemaLocation="http://www.loc.gov/MARC21/slim http://www.loc.gov/standards/marcxml/schema/MARC21slim.xsd">
   <leader>00925njm 22002777a 4500</leader>
   <datafield ind2=" " ind1=" " tag="042">
      <subfield code="a">dc</subfield>
   </datafield>
   <datafield ind2=" " ind1=" " tag="720">
      <subfield code="a">Canet-Velez, Olga</subfield>
      <subfield code="e">author</subfield>
   </datafield>
   <datafield ind2=" " ind1=" " tag="720">
      <subfield code="a">Roca-Llobet, Judith</subfield>
      <subfield code="e">author</subfield>
   </datafield>
   <datafield ind2=" " ind1=" " tag="720">
      <subfield code="a">Sanromá-Ortiz, Montserrat</subfield>
      <subfield code="e">author</subfield>
   </datafield>
   <datafield ind2=" " ind1=" " tag="260">
      <subfield code="c">2021</subfield>
   </datafield>
   <datafield ind2=" " ind1=" " tag="520">
      <subfield code="a">La Pandemia Covid-19 en España ha supuesto una situación excepcional en los centros de salud que se tensaron como nunca. Los equipos asistenciales, incluidos los estudiantes atendieron a pacientes ingresados, han vivido en primera línea esta experiencia que sin duda les ha marcado de manera personal y profesional.  A poco más de un año las enfermeras docentes y los estudiantes han compartido espacios de análisis, debate y reflexión sobre la experiencia vivida. En este artículo se comparten las reflexiones realizadas contextualizadas con el escenario vivido, y se recogen datos de algunos estudios realizados en Cataluña. A día de hoy nos seguimos preguntando: ¿qué hemos aprendido de esta experiencia?</subfield>
   </datafield>
   <datafield ind1="8" ind2=" " tag="024">
      <subfield code="a">Canet-Velez, O., Roca-Llobet , J., &amp; Sanromá-Ortiz, M. (2021). Practicum y práctica profesional en tiempos COVID, ¿qué hemos aprendido?. Revista Practicum, 6(2), 7-15. https://doi.org/10.24310/RevPracticumrep.v6i2.13951</subfield>
   </datafield>
   <datafield ind1="8" ind2=" " tag="024">
      <subfield code="a">https://hdl.handle.net/10630/23676</subfield>
   </datafield>
   <datafield ind1="8" ind2=" " tag="024">
      <subfield code="a">https://doi.org/10.24310/RevPracticumrep.v6i2.13951</subfield>
   </datafield>
   <datafield tag="653" ind2=" " ind1=" ">
      <subfield code="a">Enfermaría - Práctica</subfield>
   </datafield>
   <datafield tag="653" ind2=" " ind1=" ">
      <subfield code="a">COVID-19</subfield>
   </datafield>
   <datafield ind2="0" ind1="0" tag="245">
      <subfield code="a">Practicum y práctica profesional en tiempos COVID, ¿qué hemos aprendido?</subfield>
   </datafield>
</record>
</metadata></record></GetRecord></OAI-PMH>